History Quiz

Random History or Art Quiz

Early Christian Art during Early Middle Ages Quiz Stats

Quiz not verified by Sporcle

Challenge
Share
Tweet
Embed
Score 0/27 Timer 20:00
0 Plays Today
% Correct
Jonah and the Whale
90.9%
Adam and Eve
90.9%
Catacombs
87.9%
Mosaic
87.9%
Dionysos
84.8%
Jesus of Nazareth
81.8%
The Four Evangelists
78.8%
Nave arcade
78.8%
Good Shepherd motif
75.8%
Tesserae
75.8%
Atrium
72.7%
Basilica-plan
72.7%
Orpheus
69.7%
Diocletian
66.7%
% Correct
St. Gregory
63.6%
Orants
60.6%
Aisle
60.6%
Caelis
57.6%
Tetrarchy
54.5%
Constantine
48.5%
Transcept
48.5%
Apse
48.5%
Nave
45.5%
Narthex
45.5%
Council of Nicaea
42.4%
Central-plan
42.4%
Edict of Milan
39.4%

You're not logged in!

Compare scores with friends on all Sporcle quizzes.
Join for Free
OR
Log In

You Might Also Like...

Show Comments

Extras

Top Quizzes Today


Score Distribution

Your Account Isn't Verified!

In order to create a playlist on Sporcle, you need to verify the email address you used during registration. Go to your Sporcle Settings to finish the process.

Report this User

Report this user for behavior that violates our Community Guidelines.

Details: